International costs (Record no. 84813)

MARC details
000 -LEADER
fixed length control field 00880cab a22002175a 4500
001 - CONTROL NUMBER
control field L159157
008 - FIXED-LENGTH DATA ELEMENTS--GENERAL INFORMATION
fixed length control field 120809e20150805xxk f 000 0 eng d
035 ## - SYSTEM CONTROL NUMBER
System control number (Sirsi) u159157
041 0# - LANGUAGE CODE
Language code of text/sound track or separate title eng
100 1# - MAIN ENTRY--PERSONAL NAME
Personal name Rawlinson, Simon
110 2# - MAIN ENTRY--CORPORATE NAME
Corporate name or jurisdiction name as entry element Arcadis
9 (RLIN) 6166
245 00 - TITLE STATEMENT
Title International costs
Remainder of title 2015
260 ## - PUBLICATION, DISTRIBUTION, ETC.
Date of publication, distribution, etc. 2015
490 ## - SERIES STATEMENT
Series statement Building
Volume/sequential designation 281 (8890) 11 September 2015, 42-48(7)
520 ## - SUMMARY, ETC.
Summary, etc. Analyses the results of the Arcadis annual survey of global construction costs. Comparative costs assessment is based on a survey of construction costs in 45 locations, covering 13 building types. Economic recovery in the UK and currency fluctuations have triggered big movements in the relative construction cost rankings of cities around the world.
590 ## - LOCAL NOTE (RLIN)
Local note KA
651 #4 - SUBJECT ADDED ENTRY--GEOGRAPHIC NAME
Geographic name International
690 ## - LOCAL SUBJECT ADDED ENTRY--TOPICAL TERM (OCLC, RLIN)
Topical term or geographic name as entry element Construction management
9 (RLIN) 6230
700 1# - ADDED ENTRY--PERSONAL NAME
Personal name Nimoh, Kevin
942 ## - ADDED ENTRY ELEMENTS (KOHA)
Suppress in OPAC 0
Holdings
Withdrawn status Lost status Source of classification or shelving scheme Damaged status Not for loan Home library Current library Shelving location Date acquired Total Checkouts Full call number Barcode Date last seen Copy number Price effective from Koha item type
    Dewey Decimal Classification     London London Journal article 12/02/2016   L159157 159157-1001 06/08/2019 1 06/08/2019 Journal article